000 00793cam a2200253 a 4500
001 000005484
005 20200929151705.0
008 900809s1993 sp a 000 f spa
020 _a8437609178
040 _aDO-SdBNP
_bspa
_cBNPHU
082 _a863.6
_bJ37a, 1993
100 1 _aJardiel Poncela, Enrique,
_d1901-1952.
_915030
245 1 0 _aAmor se escribe sin hache /
_cEnrique Jardiel Poncela ; edición de Roberto Pérez.
250 _a2a ed.
260 _aMadrid :
_bCátedra,
_c1993.
300 _a409 p. :
_bil. ;
_c18 cm.
490 1 _aLetras hispánicas
_v319
650 4 _aNovela española
_91123
650 4 _aLiteratura española
_9632
700 1 _aPérez, Roberto,
_eed.
_915558
830 0 _aLetras hispánicas ;
_v319
_94208
910 _aCatalogación derivada
910 _aWM
999 _c5283
_d5283